000 00601nam a22002057a 4500
005 20251108172434.0
008 250721s9999 xx 000 0 ara d
082 1 4 _a907غني
100 1 _aغنيم، عادل حسن
245 1 0 _aفي منهج البحث التاريخي /
250 _aط2
264 1 _aالإسكندرية :
_bدار المعرفة الجامعية،
300 _a248ص
650 1 7 _aالتأريخ
650 1 7 _aالبحث
650 1 7 _aأساليب البحث
700 1 _aحجر، جمال محمود
_eمؤلف مشارك
942 _2ddc
_cBK
999 _c79349
_d79349